| 000 | 00389nam a2200145 i 4500 | ||
|---|---|---|---|
| 001 | bg | ||
| 100 | 1 |
_aIlczuk, Janusz _d(1931- ). |
|
| 245 | 0 |
_aInformatyka w praktyce : _befektywność systemów / _cJ. Ilczuk, M. Jerczyńska. |
|
| 260 |
_aWarszawa, _c1979. |
||
| 700 | 1 | _aJerczyńska, Maria. | |
| 040 | _cBPK | ||
| 041 | _apol | ||
| 942 | _cKS | ||
| 008 | s pl f |000 0 pol | ||
| 999 |
_c18631 _d18631 |
||
| 856 |
_uhttp://koha.tu.koszalin.pl/cgi-bin/koha/opac-detail.pl?biblionumber=18631 _yKatalog online BPK |
||